000 01767cam a22003254a 4500
001 16493490
005 20250224105811.0
008 101007s2011 maua b 001 0 eng
906 _a7
_bcbc
_corignew
_d1
_eecip
_f20
_gy-gencatlg
925 0 _aacquire
_b2 shelf copies
_xpolicy default
955 _wrd14 2010-10-12
_fxj08 2011-06-09 Z-CipVer to BCCD
010 _a 2010039601
020 _a9780123850034 (pbk.)
020 _a0123850037 (pbk.)
035 _a(OCoLC)ocn666246330
040 _aDLC
_cDLC
_dYDX
_dBTCTA
_dYDXCP
_dNLGGC
_dCDX
_dDLC
042 _apcc
050 0 0 _aQA76.76.A63
_bR43 2011
082 0 0 _a005.13/3
_222
084 _a54.53
_2bcl
100 1 _aReddy, Martin.
_9527
245 1 0 _aAPI design for C++ /
_cMartin Reddy.
260 _aBurlington, MA :
_bMorgan Kaufmann,
_cc2011.
300 _axxv, 441 p. :
_bill. ;
_c24 cm.
504 _aIncludes bibliographical references and index.
500 _aMachine generated contents note: IntroductionChapter 1: QualitiesChapter 2: PatternsChapter 3: DesignChapter 4: StylesChapter 5: C++ UsageChapter 6: PerformanceChapter 7: VersioningChapter 8: DocumentationChapter 9: TestingChapter 10: ScriptingChapter 11: ExtensibilityAppendix A: LibrariesBibliographyIndex.
505 8 _aMachine generated contents note: IntroductionChapter 1: QualitiesChapter 2: PatternsChapter 3: DesignChapter 4: StylesChapter 5: C++ UsageChapter 6: PerformanceChapter 7: VersioningChapter 8: DocumentationChapter 9: TestingChapter 10: ScriptingChapter 11: ExtensibilityAppendix A: LibrariesBibliographyIndex.
650 0 _aApplication program interfaces (Computer software)
_9528
650 0 _aC++ (Computer program language)
_9162
999 _c136
_d136